| 000 | 00409cam a2200169ua 4500 | ||
|---|---|---|---|
| 020 | _c1.30 | ||
| 041 |
_amal _h |
||
| 082 |
_a323 _bVEN/MA |
||
| 100 | _aVenkatachari, . | ||
| 245 |
_aManushyavakasangal / _cVenkatachari. _hTextual Documents |
||
| 260 |
_aCheruthuruthi : _bVallathol Grandhalayam , _c1962. |
||
| 300 | _a119 ; . | ||
| 365 | _a1.30 | ||
| 504 | _a | ||
| 942 | _cBK | ||
| 999 |
_c955 _d955 |
||